000 01088cam a2200277 4500
001 M36
008 090401t1991 xxu||||| |||| 00| 0 eng d
035 _a(Sirsi) u39491
041 _aeng
050 _a808.85
090 _a333.0062
090 _aRICS 1991/24A
100 _aPearce, Daniel Norton Idris
_cSir
_d1933-
245 _aPrincipal speeches [by] Sir Idris Pearce 1990-91 session.
260 _aLondon
_bRICS
_c1991
300 _aca. 70 leaves; 30cm.
350 _a0
520 _aIncludes Presidential address October 1990; address to Central London Branch - Professional imperatives; address to City of London Branch - Slow sixpences and nimble ECUs; address to JO - 2015 future profession. future professionals, future society; CEM environment lecture - thinking green; closing statement to General Council 8 July 1991.
650 _aABOUT RICS-RICS MEMBERS
650 _aPEARCE IDRIS
650 _aPRESIDENTIAL ADDRESS 1990
650 _aPROFESSIONAL PRACTICE
710 _aRoyal Institution of Chartered Surveyors
_94900
942 _n0
948 _c04/03/1997
999 _c90784
_d90784